Tilastot visalle Päiväntasaajan valtiot

Klikkaa tästä pelataksesi tätä visaa!

Yleistilastot

  • Tätä visaa on pelattu 856 kertaa
  • Keskiarvotulos 8 / 11

Vastaustilastot

Valtio% Oikein
Brasilia
92%
Kongon demokraattinen
tasavalta
91%
Kongon tasavalta
91%
Indonesia
82%
Ecuador
78%
Kenia
78%
Somalia
69%
Kolumbia
68%
Uganda
65%
Gabon
59%
São Tomé ja Príncipe
33%

Tulosjakauma

Persentiili vastausten määrän mukaan

Jokaisen tuloksen saaneiden osuus

Tuloshistoriasi

Et ole pelannut tätä visaa